Agricultural growth and investment options for poverty reduction in Rwanda / (Record no. 21333)

000 -LEADER
fixed length control field 00643cam a22001934a 4500
020 ## - INTERNATIONAL STANDARD BOOK NUMBER
ISBN 9780896291768 (alk. paper)
040 ## - CATALOGING SOURCE
Transcribing agency DLC
082 00 - DEWEY DECIMAL CLASSIFICATION NUMBER
Classification number 338 AGR 2010 C077 Or.
245 00 - TITLE STATEMENT
Title Agricultural growth and investment options for poverty reduction in Rwanda /
260 ## - PUBLICATION, DISTRIBUTION, ETC. (IMPRINT)
Place of publication Washington, D.C. :
Name of publisher International Food Policy Research Institute,
Year of publication c2010.
300 ## - PHYSICAL DESCRIPTION
Number of Pages xiv, 124 p. :
Other physical details ill. ;
Dimensions 23 cm.
490 1# - SERIES STATEMENT
Series statement IFPRI research monograph
650 #0 - SUBJECT ADDED ENTRY--TOPICAL TERM
Topical Term Agricultural development projects
650 #0 - SUBJECT ADDED ENTRY--TOPICAL TERM
Topical Term Agriculture
650 #0 - SUBJECT ADDED ENTRY--TOPICAL TERM
Topical Term Poverty
700 1# - ADDED ENTRY--PERSONAL NAME
Personal name Diao, Xinshen.
710 2# - ADDED ENTRY--CORPORATE NAME
Corporate name or jurisdiction name as entry element International Food Policy Research Institute.
942 ## - ADDED ENTRY ELEMENTS (KOHA)
Koha item type ADB
952 ## - LOCATION AND ITEM INFORMATION (KOHA)
Withdrawn status [LOCAL, KOHA] 0
Holdings
Permanent Location Date acquired Koha item type Lost status Shelving location Barcode Current Location Full call number
Library Block C2023-05-16ADB C077a36216Library Block C338 AGR 2010 C077 Or.
មជ្ឈមណ្ឌលឯការនៃសាកលវិទ្យាល័យភូមិន្ទកសិកម្មចំការដូង

Powered by Koha